000 00452nas a2200157 a 4500
001 22885
003 73489
005 20201118100251.0
008 ||||||n9999 ||| || ||
041 _aspa
245 0 _aRevista Internacional de Seguridad Social - Vol.44 No.3-4
260 _aSuiza :
_bAsociacion Internacional de la Seguridad Social,
_c1991.
562 _e1
773 _016911
_aRevista Internacional de Seguridad Social
942 _cSISS
999 _c22885
_d22885